Gennaro Gattuso's AC Milan - Statistics

General Stats
  • This quiz has been taken 14 times
  • The average score is 21 of 39
Answer Stats
Rank Player Position Nationality Matches Goals Assists % Correct
33 Antonio Donnarumma Goalkeeper 2 0 0
100%
1 Franck Kessié Central Midfield 74 10 4
100%
6 Gianluigi Donnarumma Goalkeeper 70 0 0
100%
5 Suso Right Winger 71 10 16
100%
8 Davide Calabria Right-Back 56 2 3
92%
2 Hakan Çalhanoğlu Defensive Midfield 72 10 21
92%
22 Krzysztof Piatek Centre-Forward 21 11 1
92%
4 Ricardo Rodríguez Left-Back 71 1 4
92%
3 Patrick Cutrone Centre-Forward 72 20 6
85%
7 Alessio Romagnoli Centre-Back 68 3 0
77%
20 André Silva Centre-Forward 23 2 1
77%
10 Lucas Biglia Defensive Midfield 43 2 1
77%
18 Cristian Zapata Centre-Back 28 1 0
69%
16 Leonardo Bonucci Centre-Back 32 2 0
69%
24 Lucas Paquetá Attacking Midfield 17 1 2
69%
13 Mateo Musacchio Centre-Back 40 1 2
69%
27 Pepe Reina Goalkeeper 12 0 0
69%
17 Diego Laxalt Left-Back 29 0 1
62%
12 Tiemoué Bakayoko Defensive Midfield 42 1 1
62%
21 Gonzalo Higuaín Centre-Forward 22 8 3
54%
15 Samu Castillejo Right Winger 40 4 4
54%
11 Giacomo Bonaventura Attacking Midfield 42 11 3
46%
14 Ignazio Abate Right-Back 40 1 0
46%
19 Nikola Kalinić Centre-Forward 26 3 4
46%
26 Andrea Conti Right-Back 15 0 3
38%
9 Fabio Borini Left Winger 55 7 2
38%
23 Manuel Locatelli Defensive Midfield 19 0 0
38%
37 Stefan Simic Centre-Back 1 0 0
31%
30 Andrea Bertolacci Central Midfield 4 0 0
23%
35 Gabriel Paletta Centre-Back 1 0 0
23%
29 Luca Antonelli Left-Back 5 0 0
23%
36 Marco Storari Goalkeeper 1 0 0
23%
32 Mattia Caldara Centre-Back 2 0 0
23%
25 Riccardo Montolivo Defensive Midfield 17 0 2
23%
31 Alen Halilovic Attacking Midfield 3 0 0
15%
28 José Mauri Central Midfield 8 0 1
15%
38 Emanuele Torrasi Central Midfield 1 0 0
8%
34 Niccolò Zanellato Central Midfield 1 0 0
8%
39 Riccardo Forte Second Striker 1 0 0
8%
No matching quizzes found
Score Distribution
Percent of People with Each Score
Percentile by Number Answered
Your Score History
You have not taken this quiz